000 01404nam a2200217Ia 4500
003 Ost
005 20260507075656.0
008 260507s9999||||xx |||||||||||||| ||und||
040 _cfsecg
041 _aara
082 _a330.122
100 _aعتريسي، جعفر حسن
_eمؤلف
245 0 _aالرأسمالية تجتاح العالم :
_bقراءة في الإقتصاد السياسي العالمي /
_c جعفر حسن عتريسي
260 _aبيروت:
_bدار الهادي,
_c2004
300 _a477 صفحة؛
_bإيضاحات ؛
_c24 سم
504 _aالمراجع ص. 473
520 _aالرأسمالية، الثروة، المفهوم الليبيرالي، المدارس التداخلية الاقتصادية، الرأسمالية التدخلية، الرأسمالية المنتصرة، تجربة الرأسمالية والخلل الكامن، الرأسمالية والاشتراكية في البنى الأولية لفلسفة الوجود، مواجهة الحرب بدوافع اقتصادية، الرأسمالية الجشعة، الاحتجاج الرأسمالي على الرأسمالية، سوقية الانسان في المنطق الرأسمالي، الاسلام والثروة والانسان، الملكية في الاسلام.
653 _aالاقتصاد السياسي
653 _aالرأسمالية
942 _cكتاب
999 _c45694
_d45694